000 00719nam a2200277Ia 4500
005 20260324125458.0
008 008 260324s9999 xx 000 0 eng d
020 _a9781003548270
037 _aEBOOK
040 _aCRL
040 _beng
040 _cCRL
041 _2eng
041 _aeng
084 _qCRL
100 _aDonatella Badin; Catherine Dille; Stephen Bygrave; Stephen Bending; Betty Hagglund
_91178132
245 0 _aWomen's Travel Writings in Italy, Part I Vol 2
260 _bTaylor and Francis
260 _c2009
365 _a
365 _b65.99
856 _uhttp://www.taylorfrancis.com/books/9781003548270
942 _cEBOOK
999 _c1773435
_d1773435